Statistics for Every NBA MVP Award

Click here to take the quiz!

General Stats

  • This quiz has been taken 1,333 times
    (256 since last reset)
  • The average score is 45 of 68

Answer Stats

YearPlayer% Correct
2023Joel Embiid
100%
2022Nikola Jokić
100%
2021Nikola Jokić
98%
2020Giannis Antetokounmpo
96%
2018James Harden
94%
2016Stephen Curry
94%
2019Giannis Antetokounmpo
92%
2012LeBron James
92%
2017Russell Westbrook
92%
2015Stephen Curry
92%
2014Kevin Durant
91%
2013LeBron James
91%
2010LeBron James
89%
2011Derrick Rose
88%
2009LeBron James
87%
2008Kobe Bryant
85%
2005Steve Nash
80%
2006Steve Nash
80%
2007Dirk Nowitzki
77%
2000Shaquille ONeal
77%
1996Michael Jordan
76%
2001Allen Iverson
75%
1998Michael Jordan
75%
2003Tim Duncan
74%
2002Tim Duncan
72%
2004Kevin Garnett
71%
1992Michael Jordan
71%
1991Michael Jordan
70%
1997Karl Malone
69%
1994Hakeem Olajuwon
68%
1999Karl Malone
68%
1993Charles Barkley
67%
1985Larry Bird
66%
1986Larry Bird
66%
1989Magic Johnson
66%
1990Magic Johnson
66%
1984Larry Bird
65%
1995David Robinson
64%
1987Magic Johnson
64%
1988Michael Jordan
60%
1983Moses Malone
55%
1980Kareem Abdul-Jabbar
53%
1982Moses Malone
53%
1974Kareem Abdul-Jabbar
52%
1977Kareem Abdul-Jabbar
51%
1976Kareem Abdul-Jabbar
51%
1972Kareem Abdul-Jabbar
50%
1971Kareem Abdul-Jabbar
49%
1966Wilt Chamberlain
49%
1967Wilt Chamberlain
49%
1968Wilt Chamberlain
49%
1965Bill Russell
48%
1961Bill Russell
47%
1962Bill Russell
47%
1963Bill Russell
47%
1981Julius Erving
47%
1956Bob Pettit
46%
1960Wilt Chamberlain
45%
1958Bill Russell
43%
1978Bill Walton
43%
1957Bob Cousy
43%
1964Oscar Robertson
41%
1975Bob Mcadoo
40%
1979Moses Malone
40%
1969Wes Unseld
40%
1959Bob Pettit
39%
1973Dave Cowens
38%
1970Willis Reed
38%

Score Distribution

Percentile by Number Answered

Percent of People with Each Score

Your Score History

You have not taken this quiz since the last reset